| 000 | 01919cam a22004097a 4500 | ||
|---|---|---|---|
| 999 |
_c20477 _d20477 |
||
| 001 | 14019716 | ||
| 005 | 20170119095155.0 | ||
| 008 | 050629s2004 enka e bc 000 0 eng d | ||
| 010 | _a 2005278779 | ||
| 015 |
_aGBA463931 _2bnb |
||
| 016 | 7 |
_a012981834 _2Uk |
|
| 020 | _a0856675903 (hbk.) | ||
| 035 | _a(OCoLC)ocm56645986 | ||
| 042 | _alccopycat | ||
| 050 | 0 | 0 | _aNK7903 .S64R33 2004 |
| 100 | 1 | _aRadcliffe, Anthony. | |
| 245 | 1 | 0 |
_aArt of the Renaissance bronze, 1500-1650 / _cAnthony Radcliffe and Nicholas Penny ; with contributions by Marietta Camberari and Fabio Barry and an essay on technique by Shelley Sturman. |
| 260 |
_aLondon : _bPhilip Wilson ; _aNew York : _bDistributed by Palgrave Macmillan, _c2004. |
||
| 300 |
_a312 p. : _bcol. ill. ; _c28 cm. |
||
| 504 | _aIncludes bibliographical references (p. 311-312). | ||
| 600 | 1 | 0 |
_aSmith, Robert H., _d1929- _xArt collections _vCatalogs. |
| 650 | 0 |
_aBronzes _xPrivate collections. |
|
| 650 | 0 |
_aBronze sculpture _xPrivate collections. |
|
| 650 | 0 |
_aBronzes, Italian _vCatalogs. |
|
| 650 | 0 |
_aBronze sculpture, Renaissance _vCatalogs. |
|
| 650 | 0 |
_aBronzes, Renaissance _vCatalogs. |
|
| 650 | 0 |
_aBronze sculpture, Italian _vCatalogs. |
|
| 700 | 1 |
_aPenny, Nicholas, _d1949- |
|
| 856 | 4 | 2 |
_3Contributor biographical information _uhttp://www.loc.gov/catdir/enhancements/fy0626/2005278779-b.html |
| 856 | 4 | 2 |
_3Publisher description _uhttp://www.loc.gov/catdir/enhancements/fy0626/2005278779-d.html |
| 856 | 4 | 1 |
_3Table of contents only _uhttp://www.loc.gov/catdir/enhancements/fy0626/2005278779-t.html |
| 942 |
_2lcc _cBOOKS _hNK7903 .S64R33 2004 |
||